Digital operating model: The future of business

In Digital Operating Model: The Future of Business, digital strategist and execution expert Rajesh Sinha delivers a robust and practical operating blueprint for digital transformation. Applicable to any industry, any size company, this playbook helps executives, professionals, managers, founders, ow...

Descrición completa

Gardado en:
Detalles Bibliográficos
Autor Principal: Sinha, Rajesh
Formato: Libro
Idioma:Vietnamese
Publicado: Hoboken, NJ Wiley 2022
Những chủ đề:
Các nhãn: Engadir etiqueta
Sen Etiquetas, Sexa o primeiro en etiquetar este rexistro!
Thư viện lưu trữ: Thư viện Trường Đại học Nam Cần Thơ
LEADER 01250nam a22002057a 4500
001 NCT_4_018229
008 250428b xxu||||| |||| 00| 0 vie d
999 |c 8876  |d 8876 
020 |a 9781119826835  |c 898000 
082 0 4 |2 23rd ed.  |a 658.8  |b S615 
100 1 |a Sinha, Rajesh 
245 1 0 |a Digital operating model:   |b The future of business  |c Rajesh Sinha 
260 |a Hoboken, NJ  |b Wiley  |c 2022 
300 |a xv, 221 p.  |b ill.  |c 24 cm 
504 |a Includes index 
520 3 |a In Digital Operating Model: The Future of Business, digital strategist and execution expert Rajesh Sinha delivers a robust and practical operating blueprint for digital transformation. Applicable to any industry, any size company, this playbook helps executives, professionals, managers, founders, owners, and other business leaders understand the importance and realize the benefits of a digital future for their companies-all without having to spend massive amounts of money in the process. 
653 |a Truyền thông đa phương tiện 
942 |2 ddc  |c BK 
952 |0 0  |1 0  |2 ddc  |4 0  |6 658_800000000000000_S615  |7 0  |9 30536  |a 000001  |b 000001  |d 2025-04-28  |o 658.8 S615  |p MD.23672  |r 2025-04-28  |v 898000.00  |w 2025-04-28  |y BK 
980 |a Thư viện Trường Đại học Nam Cần Thơ